[Event "RUS-ch Rapid 2021"]
[Site "Sochi"]
[Date "2021.10.13"]
[Round "10.12"]
[White "Zakaryan, David"]
[Black "Triapishko, Alexandr"]
[Result "0-1"]
[WhiteElo "2283"]
[BlackElo "2506"]
[Annotator "RC"]
[PlyCount "200"]
[EventDate "2021.10.12"]
[EventType "swiss"]
[EventCountry "RUS"]
[SourceTitle "playchess.com"]
[Source "ChessBase"]
[SourceQuality "1"]
[TimeControl "900+10"]

1. d4 {[%emt 0:00:04]} Nf6 {[%emt 0:00:16]} 2. c4 {[%emt 0:00:00]} e6 {[%emt 0:
00:01]} 3. Nf3 {[%emt 0:00:05]} d5 {[%emt 0:00:18]} 4. Bg5 {[%emt 0:01:44]}
Bb4+ {[%emt 0:00:55]} 5. Nc3 {[%emt 0:00:19]} h6 {[%emt 0:00:57]} 6. Bxf6 {
[%emt 0:00:05]} Qxf6 {[%emt 0:00:00]} 7. Qa4+ {[%emt 0:00:01]} Nc6 {[%emt 0:00:
01]} 8. e3 {[%emt 0:00:02]} O-O {[%emt 0:00:53]} 9. Rc1 {[%emt 0:00:00]} Rd8 {
[%emt 0:01:04]} 10. a3 {[%emt 0:00:33]} Bf8 {[%emt 0:03:17]} 11. Be2 {[%emt 0:
00:38]} dxc4 {[%emt 0:03:03]} 12. Qxc4 {[%emt 0:00:08]} Bd6 {[%emt 0:01:02]}
13. O-O {[%emt 0:00:32]} Bd7 {[%emt 0:00:58]} 14. Ne4 {[%emt 0:00:10]} Qe7 {
[%emt 0:00:15]} 15. Rfd1 {[%emt 0:00:09]} Rac8 {[%emt 0:01:39]} 16. Nc5 {
[%emt 0:00:28]} Bxc5 {[%emt 0:00:20]} 17. Qxc5 {[%emt 0:00:00]} Qxc5 {[%emt 0:
00:09]} 18. Rxc5 {[%emt 0:00:00]} Ne7 {[%emt 0:00:11]} 19. Ne5 {[%emt 0:00:04]}
Be8 {[%emt 0:00:25]} 20. Rdc1 {[%emt 0:00:00]} c6 {[%emt 0:00:08]} 21. Ra5 {
[%emt 0:00:11]} a6 {[%emt 0:00:41]} 22. Rac5 {[%emt 0:00:03]} Nd5 {[%emt 0:00:
31]} 23. R5c2 {[%emt 0:00:10]} Kf8 {[%emt 0:00:13]} 24. h4 {[%emt 0:00:05]} g5
{[%emt 0:00:32]} 25. hxg5 {[%emt 0:00:10]} hxg5 {[%emt 0:00:06]} 26. Nd3 {
[%emt 0:00:00]} Ke7 {[%emt 0:00:13]} 27. Nc5 {[%emt 0:00:08]} Rb8 {[%emt 0:00:
06]} 28. g3 {[%emt 0:00:01]} f6 {[%emt 0:00:26]} 29. Bd3 {[%emt 0:00:05]} Bh5 {
[%emt 0:00:27]} 30. Kg2 {[%emt 0:00:00]} Rh8 {[%emt 0:00:07]} 31. Be4 {[%emt 0:
03:52]} Bg4 {[%emt 0:00:16]} 32. Rh1 {[%emt 0:01:37]} Rxh1 {[%emt 0:00:01]} 33.
Kxh1 {[%emt 0:00:00]} a5 {[%emt 0:00:39]} 34. Kg2 {[%emt 0:00:10]} Bf5 {
[%emt 0:00:25]} 35. Bxf5 {[%emt 0:00:22]} exf5 {[%emt 0:00:03]} 36. Kf3 {
[%emt 0:00:12]} b6 {[%emt 0:00:14]} 37. Nd3 {[%emt 0:00:01]} Kd6 {[%emt 0:00:
10]} 38. g4 {[%emt 0:00:07]} Ne7 {[%emt 0:00:04]} 39. gxf5 {[%emt 0:00:53]}
Nxf5 {[%emt 0:00:03]} 40. Kg4 {[%emt 0:00:10]} Ne7 {[%emt 0:00:06]} 41. e4 {
[%emt 0:02:16]} Rh8 {[%emt 0:00:07]} 42. f4 {[%emt 0:00:12]} Rh4+ {[%emt 0:00:
32]} 43. Kg3 {[%emt 0:00:03]} f5 {[%emt 0:00:00]} 44. fxg5 {[%emt 0:02:42]}
Rxe4 {[%emt 0:00:12]} 45. Nf4 {[%emt 0:01:34]} Rxd4 {[%emt 0:00:11]} 46. Kf3 {
[%emt 0:00:10]} Ke5 {[%emt 0:00:10]} 47. Re2+ {[%emt 0:00:23]} Re4 {[%emt 0:00:
00]} 48. Nd3+ {[%emt 0:00:01]} Kd4 {[%emt 0:00:08]} 49. Nf4 {[%emt 0:00:28]}
Rxe2 {[%emt 0:00:10]} 50. Nxe2+ {[%emt 0:00:13]} Ke5 {[%emt 0:00:06]} 51. Nf4 {
[%emt 0:00:02]} Nd5 {[%emt 0:00:36]} 52. Ng6+ {[%emt 0:00:00]} Ke6 {[%emt 0:00:
05]} 53. Nf4+ {[%emt 0:00:34]} Kf7 {[%emt 0:00:10]} 54. Nd3 {[%emt 0:00:08]}
Kg6 {[%emt 0:00:14]} 55. Ne5+ {[%emt 0:00:01]} Kxg5 {[%emt 0:00:02]} 56. Nxc6 {
[%emt 0:00:00]} Kf6 {[%emt 0:00:19]} 57. Ke2 {[%emt 0:00:18]} Ke6 {[%emt 0:00:
08]} 58. Kd3 {[%emt 0:00:02]} Ne7 {[%emt 0:00:11]} 59. Nd4+ {[%emt 0:00:07]}
Kd5 {[%emt 0:00:03]} 60. b4 {[%emt 0:00:11]} axb4 {[%emt 0:00:12]} 61. axb4 {
[%emt 0:00:02]} f4 {[%emt 0:00:00]} 62. Ne2 {[%emt 0:00:06]} Ke5 {[%emt 0:00:
14]} 63. Nd4 {[%emt 0:00:09]} Nf5 {[%emt 0:00:19]} 64. Nf3+ {[%emt 0:00:44]}
Kd5 {[%emt 0:00:02]} 65. Nd2 {[%emt 0:00:07]} Nd6 {[%emt 0:00:04]} 66. Nb1 {
[%emt 0:00:14]} Ne4 {[%emt 0:00:25]} 67. Ke2 {[%emt 0:00:15]} Ng5 {[%emt 0:00:
07]} 68. Kd3 {[%emt 0:00:03]} Nf7 {[%emt 0:00:16]} 69. Nc3+ {[%emt 0:00:04]}
Ke5 {[%emt 0:00:00]} 70. Na4 {[%emt 0:00:11]} b5 {[%emt 0:00:01]} 71. Nc5 {
[%emt 0:01:04]} Kd5 {[%emt 0:00:04]} 72. Nb3 {[%emt 0:01:00]} Ne5+ {[%emt 0:00:
02]} 73. Kc3 {[%emt 0:00:02]} Ke4 {[%emt 0:00:14]} 74. Nd2+ {[%emt 0:00:26]}
Ke3 {[%emt 0:00:02]} 75. Nf1+ {[%emt 0:00:03]} Ke2 {[%emt 0:00:06]} 76. Nh2 {
[%emt 0:00:06]} f3 {[%emt 0:00:24]} 77. Kd4 {[%emt 0:00:07]} Nc4 {[%emt 0:00:
02]} 78. Kc5 {[%emt 0:00:18]} Na3 {[%emt 0:00:04]} 79. Kd4 {[%emt 0:00:00]} f2
{[%emt 0:00:00]} 80. Kc3 {[%emt 0:00:12]} f1=Q {[%emt 0:00:09]} 81. Nxf1 {
[%emt 0:00:00]} Kxf1 {[%emt 0:00:03]} 82. Kb3 {[%emt 0:00:00]} Nc4 {[%emt 0:00:
02]} 83. Kc3 {[%emt 0:00:00]} Ke2 {[%emt 0:00:00]} 84. Kd4 {[%emt 0:00:00]} Kd2
{[%emt 0:00:04]} 85. Kc5 {[%emt 0:00:00]} Na3 {[%emt 0:00:00]} 86. Kd4 {
[%emt 0:00:00]} Kc2 {[%emt 0:00:02]} 87. Ke4 {[%emt 0:00:04]} Kc3 {[%emt 0:00:
00]} 88. Ke5 {[%emt 0:00:00]} Kxb4 {[%emt 0:00:10]} 89. Ke4 {[%emt 0:00:00]}
Kc3 {[%emt 0:00:00]} 90. Ke5 {[%emt 0:00:00]} b4 {[%emt 0:00:00]} 91. Ke4 {
[%emt 0:00:00]} b3 {[%emt 0:00:00]} 92. Ke5 {[%emt 0:00:00]} b2 {[%emt 0:00:06]
} 93. Ke4 {[%emt 0:00:00]} b1=Q+ {[%emt 0:00:00]} 94. Ke5 {[%emt 0:00:00]} Nc4+
{[%emt 0:00:00]} 95. Kd5 {[%emt 0:00:00]} Qf5+ {[%emt 0:00:00]} 96. Kc6 {
[%emt 0:00:00]} Kb4 {[%emt 0:00:04]} 97. Kc7 {[%emt 0:00:00]} Kc5 {[%emt 0:00:
02]} 98. Kd8 {[%emt 0:00:00]} Kd6 {[%emt 0:00:06]} 99. Ke8 {[%emt 0:00:00]} Nb6
{[%emt 0:00:11]} 100. Kd8 {[%emt 0:00:00]} Qf8# {[%emt 0:00:00]} 0-1

[Event "RUS-ch Rapid 2021"]
[Site "Sochi"]
[Date "2021.10.13"]
[Round "10.13"]
[White "Grachev, Boris"]
[Black "Obgolts, Erik"]
[Result "1-0"]
[WhiteElo "2615"]
[BlackElo "2430"]
[Annotator "RC"]
[PlyCount "161"]
[EventDate "2021.10.12"]
[EventType "swiss"]
[EventCountry "RUS"]
[SourceTitle "playchess.com"]
[Source "ChessBase"]
[SourceQuality "1"]
[TimeControl "900+10"]

1. Nf3 {[%emt 0:00:16]} Nf6 {[%emt 0:00:00]} 2. c4 {[%emt 0:00:06]} g6 {
[%emt 0:00:02]} 3. Nc3 {[%emt 0:00:04]} Bg7 {[%emt 0:00:01]} 4. g3 {[%emt 0:00:
06]} O-O {[%emt 0:00:08]} 5. Bg2 {[%emt 0:00:00]} d6 {[%emt 0:00:02]} 6. d4 {
[%emt 0:00:08]} c6 {[%emt 0:00:03]} 7. O-O {[%emt 0:00:08]} Bf5 {[%emt 0:00:02]
} 8. Ng5 {[%emt 0:00:26]} e5 {[%emt 0:00:00]} 9. d5 {[%emt 0:00:15]} h6 {
[%emt 0:04:42]} 10. Nge4 {[%emt 0:00:25]} Nxe4 {[%emt 0:00:12]} 11. dxc6 {
[%emt 0:02:31]} Nxf2 {[%emt 0:04:34]} 12. cxb7 {[%emt 0:00:42]} Nxd1 {[%emt 0:
00:00]} 13. bxa8=Q {[%emt 0:00:50]} Qb6+ {[%emt 0:00:34]} 14. Kh1 {[%emt 0:02:
56]} Nf2+ {[%emt 0:00:49]} 15. Rxf2 {[%emt 0:00:00]} Qxf2 {[%emt 0:00:05]} 16.
Qf3 {[%emt 0:00:51]} Qd4 {[%emt 0:01:43]} 17. e4 {[%emt 0:01:00]} Be6 {[%emt 0:
00:04]} 18. b3 {[%emt 0:00:37]} f5 {[%emt 0:01:12]} 19. Bb2 {[%emt 0:01:03]}
Qd2 {[%emt 0:00:33]} 20. Qe2 {[%emt 0:00:32]} Qg5 {[%emt 0:00:37]} 21. exf5 {
[%emt 0:00:48]} gxf5 {[%emt 0:01:17]} 22. Rd1 {[%emt 0:00:22]} e4 {[%emt 0:01:
33]} 23. Rxd6 {[%emt 0:00:31]} Bf7 {[%emt 0:00:00]} 24. Nd5 {[%emt 0:00:45]}
Bxd5 {[%emt 0:00:29]} 25. Rxd5 {[%emt 0:00:15]} Bxb2 {[%emt 0:00:24]} 26. Qxb2
{[%emt 0:00:00]} Qe3 {[%emt 0:00:03]} 27. Rd1 {[%emt 0:00:47]} Nc6 {[%emt 0:00:
05]} 28. b4 {[%emt 0:00:23]} f4 {[%emt 0:00:18]} 29. gxf4 {[%emt 0:00:15]} Qxf4
{[%emt 0:00:13]} 30. Rf1 {[%emt 0:00:25]} Qe3 {[%emt 0:00:00]} 31. Rxf8+ {
[%emt 0:00:53]} Kxf8 {[%emt 0:00:00]} 32. Qf6+ {[%emt 0:00:00]} Kg8 {[%emt 0:
00:03]} 33. Qg6+ {[%emt 0:00:09]} Kf8 {[%emt 0:00:13]} 34. Qf6+ {[%emt 0:00:36]
} Kg8 {[%emt 0:00:00]} 35. h3 {[%emt 0:00:25]} Nxb4 {[%emt 0:00:09]} 36. Qg6+ {
[%emt 0:00:15]} Kh8 {[%emt 0:00:11]} 37. Qe8+ {[%emt 0:00:00]} Kg7 {[%emt 0:00:
00]} 38. Qe7+ {[%emt 0:00:03]} Kg8 {[%emt 0:00:13]} 39. Qxb4 {[%emt 0:00:25]}
Qc1+ {[%emt 0:00:04]} 40. Kh2 {[%emt 0:00:00]} Qf4+ {[%emt 0:00:00]} 41. Kg1 {
[%emt 0:00:06]} Qe3+ {[%emt 0:00:31]} 42. Kf1 {[%emt 0:00:07]} Qd3+ {[%emt 0:
00:19]} 43. Kf2 {[%emt 0:00:11]} Qd4+ {[%emt 0:00:24]} 44. Ke1 {[%emt 0:00:39]}
Qe3+ {[%emt 0:00:12]} 45. Kf1 {[%emt 0:00:24]} Qd3+ {[%emt 0:00:18]} 46. Kf2 {
[%emt 0:00:36]} Qd4+ {[%emt 0:00:00]} 47. Ke1 {[%emt 0:00:07]} Qe3+ {[%emt 0:
00:04]} 48. Kd1 {[%emt 0:00:17]} Qg1+ {[%emt 0:00:02]} 49. Kc2 {[%emt 0:00:02]}
Qxg2+ {[%emt 0:00:00]} 50. Qd2 {[%emt 0:00:00]} Qf3 {[%emt 0:00:43]} 51. Qd5+ {
[%emt 0:00:06]} Kf8 {[%emt 0:00:04]} 52. Qa8+ {[%emt 0:00:07]} Ke7 {[%emt 0:00:
07]} 53. Qxa7+ {[%emt 0:00:02]} Ke6 {[%emt 0:00:09]} 54. Qb6+ {[%emt 0:00:09]}
Ke5 {[%emt 0:00:02]} 55. Qc5+ {[%emt 0:00:18]} Kf4 {[%emt 0:00:01]} 56. Qd6+ {
[%emt 0:00:22]} Kg5 {[%emt 0:00:19]} 57. c5 {[%emt 0:00:24]} e3 {[%emt 0:00:15]
} 58. Qe5+ {[%emt 0:00:14]} Kh4 {[%emt 0:00:06]} 59. Kd3 {[%emt 0:00:07]} Qd1+
{[%emt 0:00:34]} 60. Kxe3 {[%emt 0:00:01]} Qe1+ {[%emt 0:00:01]} 61. Kd4 {
[%emt 0:00:03]} Qa1+ {[%emt 0:00:07]} 62. Ke4 {[%emt 0:00:28]} Qb1+ {[%emt 0:
00:02]} 63. Kd5 {[%emt 0:00:12]} Qxa2+ {[%emt 0:00:01]} 64. Kd6 {[%emt 0:00:05]
} Qd2+ {[%emt 0:00:33]} 65. Qd5 {[%emt 0:00:13]} Qf4+ {[%emt 0:00:03]} 66. Kd7
{[%emt 0:00:03]} Kxh3 {[%emt 0:00:07]} 67. c6 {[%emt 0:00:03]} Qa4 {[%emt 0:00:
14]} 68. Ke7 {[%emt 0:00:21]} Qh4+ {[%emt 0:00:05]} 69. Ke8 {[%emt 0:00:10]}
Qa4 {[%emt 0:00:15]} 70. Qd7+ {[%emt 0:00:09]} Kg3 {[%emt 0:00:00]} 71. c7 {
[%emt 0:00:11]} Qe4+ {[%emt 0:00:03]} 72. Kd8 {[%emt 0:00:13]} Qh4+ {[%emt 0:
00:06]} 73. Kc8 {[%emt 0:00:11]} Qe4 {[%emt 0:00:29]} 74. Qd6+ {[%emt 0:00:11]}
Kf3 {[%emt 0:00:05]} 75. Kd7 {[%emt 0:00:08]} Qg4+ {[%emt 0:00:23]} 76. Qe6 {
[%emt 0:00:10]} Qg7+ {[%emt 0:00:00]} 77. Kc6 {[%emt 0:00:15]} Qc3+ {[%emt 0:
00:05]} 78. Kd6 {[%emt 0:00:08]} Qb4+ {[%emt 0:00:17]} 79. Kd7 {[%emt 0:00:04]}
Qd4+ {[%emt 0:00:05]} 80. Ke8 {[%emt 0:00:04]} Qh8+ {[%emt 0:00:02]} 81. Ke7 {
[%emt 0:00:05]} 1-0

[Event "RUS-ch Rapid 2021"]
[Site "Sochi"]
[Date "2021.10.13"]
[Round "10.14"]
[White "Zubritskiy, Artyom"]
[Black "Antipov, Mikhail Al."]
[Result "0-1"]
[WhiteElo "2442"]
[BlackElo "2619"]
[Annotator "RC"]
[PlyCount "88"]
[EventDate "2021.10.12"]
[EventType "swiss"]
[EventCountry "RUS"]
[SourceTitle "playchess.com"]
[Source "ChessBase"]
[SourceQuality "1"]
[TimeControl "900+10"]

1. c4 {[%emt 0:00:04]} g6 {[%emt 0:00:00]} 2. g3 {[%emt 0:00:00]} c5 {[%emt 0:
00:06]} 3. Bg2 {[%emt 0:00:09]} Bg7 {[%emt 0:00:02]} 4. Nc3 {[%emt 0:00:00]} d6
{[%emt 0:00:08]} 5. Nf3 {[%emt 0:00:00]} Nc6 {[%emt 0:00:06]} 6. O-O {[%emt 0:
00:00]} Bf5 {[%emt 0:00:01]} 7. d3 {[%emt 0:00:43]} Qd7 {[%emt 0:00:01]} 8. Nd5
{[%emt 0:01:09]} Nf6 {[%emt 0:01:20]} 9. Ng5 {[%emt 0:04:24]} h6 {[%emt 0:00:
42]} 10. Nxf6+ {[%emt 0:00:15]} Bxf6 {[%emt 0:00:00]} 11. Ne4 {[%emt 0:00:00]}
Bg7 {[%emt 0:00:06]} 12. Rb1 {[%emt 0:00:56]} Bh3 {[%emt 0:00:16]} 13. Be3 {
[%emt 0:00:19]} b6 {[%emt 0:00:54]} 14. Bxh3 {[%emt 0:01:10]} Qxh3 {[%emt 0:00:
03]} 15. f3 {[%emt 0:00:05]} Qe6 {[%emt 0:00:20]} 16. Qd2 {[%emt 0:01:09]} Bd4
{[%emt 0:01:58]} 17. Bxd4 {[%emt 0:00:39]} cxd4 {[%emt 0:00:00]} 18. b4 {
[%emt 0:00:24]} f5 {[%emt 0:00:57]} 19. Nf2 {[%emt 0:00:00]} Kf7 {[%emt 0:01:
08]} 20. b5 {[%emt 0:00:54]} Ne5 {[%emt 0:00:02]} 21. Qb2 {[%emt 0:01:39]} Qf6
{[%emt 0:00:05]} 22. Ne4 {[%emt 0:02:54]} Qg7 {[%emt 0:00:35]} 23. Nd2 {
[%emt 0:00:01]} Nd7 {[%emt 0:00:16]} 24. f4 {[%emt 0:00:22]} Rhe8 {[%emt 0:01:
30]} 25. Nf3 {[%emt 0:00:07]} e5 {[%emt 0:00:00]} 26. Rbd1 {[%emt 0:00:58]} Nc5
{[%emt 0:00:55]} 27. Qd2 {[%emt 0:00:44]} Rad8 {[%emt 0:01:42]} 28. Rfe1 {
[%emt 0:00:25]} Ne6 {[%emt 0:03:55]} 29. e3 {[%emt 0:00:00]} dxe3 {[%emt 0:00:
01]} 30. Rxe3 {[%emt 0:00:06]} exf4 {[%emt 0:00:12]} 31. gxf4 {[%emt 0:00:00]}
g5 {[%emt 0:00:59]} 32. fxg5 {[%emt 0:00:01]} Nxg5 {[%emt 0:00:03]} 33. Kh1 {
[%emt 0:00:39]} Nh3 {[%emt 0:00:31]} 34. Rf1 {[%emt 0:00:12]} Qg4 {[%emt 0:00:
29]} 35. Rxe8 {[%emt 0:00:12]} Rxe8 {[%emt 0:00:03]} 36. Qxh6 {[%emt 0:00:00]}
Rg8 {[%emt 0:00:00]} 37. Qh7+ {[%emt 0:00:28]} Rg7 {[%emt 0:00:45]} 38. Ng5+ {
[%emt 0:00:08]} Nxg5 {[%emt 0:00:00]} 39. Rxf5+ {[%emt 0:00:02]} Ke6 {[%emt 0:
00:03]} 40. Qxg7 {[%emt 0:00:14]} Qxf5 {[%emt 0:00:28]} 41. Qg8+ {[%emt 0:00:
07]} Nf7 {[%emt 0:00:16]} 42. Qe8+ {[%emt 0:00:20]} Kf6 {[%emt 0:00:01]} 43.
Qe2 {[%emt 0:00:00]} Ne5 {[%emt 0:00:01]} 44. Kg2 {[%emt 0:00:05]} Nxd3 {
[%emt 0:00:04]} 0-1

[Event "RUS-ch Rapid 2021"]
[Site "Sochi"]
[Date "2021.10.13"]
[Round "10.15"]
[White "Bryakin, Mikhail"]
[Black "Sakaev, Konstantin"]
[Result "1-0"]
[WhiteElo "2498"]
[BlackElo "2603"]
[Annotator "RC"]
[PlyCount "65"]
[EventDate "2021.10.12"]
[EventType "swiss"]
[EventCountry "RUS"]
[SourceTitle "playchess.com"]
[Source "ChessBase"]
[SourceQuality "1"]
[TimeControl "900+10"]

1. d4 {[%emt 0:00:00]} Nf6 {[%emt 0:00:04]} 2. c4 {[%emt 0:00:08]} e6 {[%emt 0:
00:00]} 3. g3 {[%emt 0:00:02]} c5 {[%emt 0:00:18]} 4. d5 {[%emt 0:00:00]} exd5
{[%emt 0:00:00]} 5. cxd5 {[%emt 0:00:06]} d6 {[%emt 0:00:08]} 6. Nc3 {[%emt 0:
00:04]} g6 {[%emt 0:00:00]} 7. Bg2 {[%emt 0:00:00]} Bg7 {[%emt 0:00:00]} 8. Nf3
{[%emt 0:00:00]} O-O {[%emt 0:00:00]} 9. O-O {[%emt 0:00:03]} Nbd7 {[%emt 0:00:
04]} 10. Bf4 {[%emt 0:00:06]} Qe7 {[%emt 0:00:10]} 11. Re1 {[%emt 0:00:11]} Ng4
{[%emt 0:00:39]} 12. Bg5 {[%emt 0:01:23]} f6 {[%emt 0:00:55]} 13. Bf4 {[%emt 0:
00:11]} Nge5 {[%emt 0:02:07]} 14. Qc2 {[%emt 0:00:22]} a6 {[%emt 0:00:50]} 15.
a4 {[%emt 0:00:03]} g5 {[%emt 0:00:38]} 16. Bd2 {[%emt 0:01:14]} h6 {[%emt 0:
00:04]} 17. b3 {[%emt 0:00:57]} f5 {[%emt 0:00:18]} 18. Nxe5 {[%emt 0:00:42]}
Nxe5 {[%emt 0:00:24]} 19. f4 {[%emt 0:00:00]} gxf4 {[%emt 0:00:39]} 20. gxf4 {
[%emt 0:00:14]} Ng4 {[%emt 0:00:20]} 21. Qd3 {[%emt 0:01:09]} Bd7 {[%emt 0:00:
16]} 22. h3 {[%emt 0:01:33]} Nf6 {[%emt 0:00:11]} 23. Qg3 {[%emt 0:00:00]} Nh5
{[%emt 0:01:20]} 24. Qg6 {[%emt 0:00:50]} Nf6 {[%emt 0:00:35]} 25. e4 {[%emt 0:
02:11]} fxe4 {[%emt 0:00:29]} 26. Nxe4 {[%emt 0:00:17]} Be8 {[%emt 0:00:20]}
27. Qg3 {[%emt 0:02:20]} Nxe4 {[%emt 0:02:32]} 28. Rxe4 {[%emt 0:00:37]} Qf6 {
[%emt 0:00:00]} 29. Rae1 {[%emt 0:00:38]} Bf7 {[%emt 0:00:00]} 30. R1e3 {
[%emt 0:01:16]} Rae8 {[%emt 0:01:00]} 31. Bc3 {[%emt 0:00:14]} Qg6 {[%emt 0:00:
00]} 32. f5 {[%emt 0:00:49]} Qg5 {[%emt 0:00:53]} 33. h4 {[%emt 0:00:11]} 1-0

[Event "RUS-ch Rapid 2021"]
[Site "Sochi"]
[Date "2021.10.13"]
[Round "10.16"]
[White "Ivanov, Alexander Al."]
[Black "Afanasiev, Nikita"]
[Result "0-1"]
[WhiteElo "2400"]
[BlackElo "2560"]
[Annotator "RC"]
[PlyCount "132"]
[EventDate "2021.10.12"]
[EventType "swiss"]
[EventCountry "RUS"]
[SourceTitle "playchess.com"]
[Source "ChessBase"]
[SourceQuality "1"]
[TimeControl "900+10"]

1. e4 {[%emt 0:01:01]} g6 {[%emt 0:00:00]} 2. Nf3 {[%emt 0:00:07]} Bg7 {
[%emt 0:00:01]} 3. g3 {[%emt 0:00:03]} c5 {[%emt 0:00:11]} 4. Bg2 {[%emt 0:00:
03]} Nc6 {[%emt 0:00:00]} 5. O-O {[%emt 0:00:00]} e5 {[%emt 0:00:03]} 6. Nc3 {
[%emt 0:00:04]} Nge7 {[%emt 0:00:00]} 7. Nd5 {[%emt 0:00:03]} d6 {[%emt 0:00:
07]} 8. Nxe7 {[%emt 0:00:22]} Qxe7 {[%emt 0:00:05]} 9. d3 {[%emt 0:00:00]} O-O
{[%emt 0:00:00]} 10. h3 {[%emt 0:00:10]} f5 {[%emt 0:00:11]} 11. c3 {[%emt 0:
00:46]} Kh8 {[%emt 0:00:05]} 12. Bg5 {[%emt 0:00:24]} Qf7 {[%emt 0:00:05]} 13.
Bd2 {[%emt 0:00:09]} h6 {[%emt 0:00:17]} 14. Qc1 {[%emt 0:01:09]} Kh7 {[%emt 0:
00:26]} 15. Qe1 {[%emt 0:02:09]} Be6 {[%emt 0:00:53]} 16. b3 {[%emt 0:00:11]}
d5 {[%emt 0:01:02]} 17. Rc1 {[%emt 0:03:25]} Rad8 {[%emt 0:00:53]} 18. Kh2 {
[%emt 0:00:55]} Qd7 {[%emt 0:01:33]} 19. Rd1 {[%emt 0:00:47]} Qc8 {[%emt 0:00:
54]} 20. Qe2 {[%emt 0:01:05]} Rfe8 {[%emt 0:00:51]} 21. Bc1 {[%emt 0:00:27]} a5
{[%emt 0:00:20]} 22. Ba3 {[%emt 0:00:28]} b6 {[%emt 0:00:05]} 23. Rfe1 {
[%emt 0:00:35]} Qa6 {[%emt 0:00:46]} 24. exd5 {[%emt 0:01:09]} Bxd5 {[%emt 0:
00:16]} 25. c4 {[%emt 0:00:00]} Bxf3 {[%emt 0:00:24]} 26. Qxf3 {[%emt 0:00:05]}
Nd4 {[%emt 0:00:06]} 27. Qb7 {[%emt 0:00:05]} Qxb7 {[%emt 0:00:04]} 28. Bxb7 {
[%emt 0:00:06]} Nc2 {[%emt 0:00:00]} 29. Bc1 {[%emt 0:00:19]} Nxe1 {[%emt 0:00:
02]} 30. Rxe1 {[%emt 0:00:10]} Rxd3 {[%emt 0:00:03]} 31. Bd5 {[%emt 0:00:00]}
Rd8 {[%emt 0:00:01]} 32. Kg2 {[%emt 0:00:04]} e4 {[%emt 0:00:07]} 33. Bf4 {
[%emt 0:00:09]} Rd7 {[%emt 0:01:45]} 34. h4 {[%emt 0:00:06]} h5 {[%emt 0:00:17]
} 35. Re2 {[%emt 0:00:13]} Bf6 {[%emt 0:01:37]} 36. Be6 {[%emt 0:00:13]} Rd8 {
[%emt 0:00:02]} 37. Bd5 {[%emt 0:00:16]} Rd7 {[%emt 0:00:16]} 38. Be6 {[%emt 0:
00:03]} Re7 {[%emt 0:00:04]} 39. Bd5 {[%emt 0:00:00]} Kg7 {[%emt 0:00:03]} 40.
Bd6 {[%emt 0:00:33]} Rd7 {[%emt 0:01:19]} 41. Bf4 {[%emt 0:00:00]} Rf3 {
[%emt 0:00:37]} 42. Be6 {[%emt 0:00:53]} Rd1 {[%emt 0:00:15]} 43. Bd5 {[%emt 0:
00:12]} Rc3 {[%emt 0:00:50]} 44. Bd2 {[%emt 0:00:54]} Rf3 {[%emt 0:00:30]} 45.
Bf4 {[%emt 0:01:16]} Bxh4 {[%emt 0:00:06]} 46. Bc7 {[%emt 0:00:01]} Be7 {
[%emt 0:00:13]} 47. Bxb6 {[%emt 0:00:00]} Rc3 {[%emt 0:00:00]} 48. Bxa5 {
[%emt 0:00:14]} Rcc1 {[%emt 0:00:00]} 49. f3 {[%emt 0:00:45]} Rg1+ {[%emt 0:00:
03]} 50. Kh2 {[%emt 0:00:00]} Bd6 {[%emt 0:00:40]} 51. fxe4 {[%emt 0:00:32]}
Bxg3+ {[%emt 0:00:03]} 52. Kh3 {[%emt 0:00:00]} f4 {[%emt 0:00:34]} 53. e5 {
[%emt 0:00:56]} g5 {[%emt 0:00:01]} 54. Bf3 {[%emt 0:00:00]} g4+ {[%emt 0:00:
12]} 55. Bxg4 {[%emt 0:00:04]} hxg4+ {[%emt 0:00:00]} 56. Kxg4 {[%emt 0:00:01]}
Be1+ {[%emt 0:00:10]} 57. Kxf4 {[%emt 0:00:19]} Bxa5 {[%emt 0:00:02]} 58. Kf5 {
[%emt 0:00:03]} Bd8 {[%emt 0:00:12]} 59. Ke6 {[%emt 0:00:07]} Rg6+ {[%emt 0:00:
01]} 60. Kf5 {[%emt 0:00:32]} Be7 {[%emt 0:00:19]} 61. Rd2 {[%emt 0:00:10]} Kf7
{[%emt 0:00:17]} 62. a4 {[%emt 0:00:22]} Rg5+ {[%emt 0:00:10]} 63. Ke4 {
[%emt 0:00:02]} Ke6 {[%emt 0:00:04]} 64. a5 {[%emt 0:00:14]} Rxe5+ {[%emt 0:00:
02]} 65. Kd3 {[%emt 0:00:00]} Bg5 {[%emt 0:00:06]} 66. Re2 {[%emt 0:00:15]}
Rxe2 {[%emt 0:00:03]} 0-1

[Event "RUS-ch Rapid 2021"]
[Site "Sochi"]
[Date "2021.10.13"]
[Round "10.17"]
[White "Nozdrachev, Vladislav"]
[Black "Smirnov, Timofey"]
[Result "0-1"]
[WhiteElo "2495"]
[BlackElo "2409"]
[Annotator "ChessBase"]
[PlyCount "42"]
[EventDate "2021.10.12"]
[EventType "swiss"]
[EventCountry "RUS"]
[SourceTitle "playchess.com"]
[Source "ChessBase"]
[SourceQuality "1"]
[TimeControl "900+10"]

1. e4 {[%emt 0:00:00]} e5 {[%emt 0:00:00]} 2. Nf3 {[%emt 0:00:06]} Nc6 {
[%emt 0:00:02]} 3. Bc4 {[%emt 0:00:07]} Bc5 {[%emt 0:00:06]} 4. d3 {[%emt 0:00:
05]} Nf6 {[%emt 0:00:06]} 5. O-O {[%emt 0:00:00]} O-O {[%emt 0:00:02]} 6. c3 {
[%emt 0:00:04]} Bb6 {[%emt 0:00:17]} 7. Nbd2 {[%emt 0:00:18]} d6 {[%emt 0:00:
00]} 8. Bb3 {[%emt 0:00:00]} a6 {[%emt 0:00:23]} 9. Nc4 {[%emt 0:00:13]} Ba7 {
[%emt 0:00:00]} 10. Re1 {[%emt 0:00:15]} h6 {[%emt 0:01:28]} 11. Bc2 {[%emt 0:
00:57]} Be6 {[%emt 0:00:12]} 12. Ne3 {[%emt 0:00:00]} Ne7 {[%emt 0:00:10]} 13.
d4 {[%emt 0:00:04]} Ng6 {[%emt 0:00:00]} 14. Nf5 {[%emt 0:00:28]} Re8 {[%emt 0:
01:24]} 15. h3 {[%emt 0:00:11]} exd4 {[%emt 0:01:15]} 16. N3xd4 {[%emt 0:00:13]
} Bd7 {[%emt 0:00:16]} 17. Qf3 {[%emt 0:00:52]} d5 {[%emt 0:01:06]} 18. e5 {
[%emt 0:05:45]} Nxe5 {[%emt 0:02:32]} 19. Nxh6+ {[%emt 0:01:33]} Kf8 {[%emt 0:
00:06]} 20. Qg3 {[%emt 0:00:14]} Nh5 {[%emt 0:00:21]} 21. Qe3 {[%emt 0:00:53]}
Nc4 {[%emt 0:01:54]} 0-1